Functions of Discourse Markers in English diplomová práca

Na minha lista:
Detalhes bibliográficos
Autor principal: Gužiňák, Leonard
Autor Corporativo: Fakulta aplikovaných jazykov EU v Bratislave. Katedra jazykovedy a translatológie
Outros Autores: Breveníková, Daniela
Formato: Livro
Idioma:inglês
Publicado em: Bratislava 2020
Tags: Adicionar Tag
Sem tags, seja o primeiro a adicionar uma tag!

MARC

LEADER 00000nbm a2200000 4500
001 0265239
005 20210927125215.7
041 0 |a eng 
044 |a SK 
245 1 0 |a Functions of Discourse Markers in English  |b diplomová práca  |c Leonard Gužiňák ; školiteľ: Daniela Breveníková 
264 1 |a Bratislava  |c 2020 
300 |a 68 s. 
100 1 |a Gužiňák, Leonard 
700 1 |a Breveníková, Daniela 
710 2 |a Fakulta aplikovaných jazykov EU v Bratislave. Katedra jazykovedy a translatológie